000 005410000a22001810004500
003 MACL
005 20160304161102.0
008 160304b xxu||||| |||| 00| 0 eng d
040 _aMACL
_cMACL
041 _aHindi
082 _a891.432
100 _aपं रूपनारायण पांडेय
_942776
245 _aएकाक्‍डी सप्‍तक
260 _bराष्‍ट्रीय प्रकाशन
_c1957
_aलखनउ
350 _a1.50
650 _aDrama
_942777
942 _cHIN
_k891.432
_2ddc
999 _c24500
_d24500